Burgos / (Record no. 23699)

MARC details
000 -LEADER
campo de control de longitud fija 00806nam a2200217 i 4500
001 - NÚMERO DE CONTROL
campo de control 23699
003 - IDENTIFICADOR DE NÚMERO DE CONTROL
campo de control ES-MaACL
005 - FECHA Y HORA DE LA ÚLTIMA TRANSACCIÓN
campo de control 20250928103917.0
007 - CAMPO FIJO DE DESCRIPCIÓN FÍSICA--INFORMACIÓN GENERAL
campo de control de longitud fija t|
008 - DATOS DE LONGITUD FIJA--INFORMACIÓN GENERAL
campo de control de longitud fija 021212s1888 sp ||||1| spa d
100 1# - ENTRADA PRINCIPAL--NOMBRE DE PERSONA
Nombre de persona Amador de los Ríos y Fernández de Villalta, Rodrigo.
9 (RLIN) 149674
245 10 - MENCIÓN DEL TÍTULO
Título Burgos /
Mención de responsabilidad, etc. por Rodrigo Amador de los Ríos ; dibujos de Isidro Gil.
260 ## - PUBLICACIÓN, DISTRIBUCIÓN, ETC.
Lugar de publicación, distribución, etc. Barcelona :
Nombre del editor, distribuidor, etc. Daniel Cortezo y Cª,
Fecha de publicación, distribución, etc. 1888.
300 ## - DESCRIPCIÓN FÍSICA
Extensión XXVI, 1081 p. :
Otras características físicas il. en col. y n. ;
Dimensiones 24 cm.
490 1# - MENCIÓN DE SERIE
Mención de serie España: sus monumentos y artes, su naturaleza e historia
651 #4 - PUNTO DE ACCESO ADICIONAL DE MATERIA--NOMBRE GEOGRÁFICO
Nombre geográfico Burgos-
Subdivisión general Descripción.
9 (RLIN) 151211
700 1# - ENTRADA AGREGADA--NOMBRE PERSONAL
Nombre de persona Gil y Gavilondo, Isidro,
Fechas asociadas al nombre 1843-1917
9 (RLIN) 56737
830 0# - PUNTO DE ACCESO ADICIONAL DE SERIE-TÍTULO UNIFORME
Título uniforme España: sus monumentos y artes, su naturaleza e historia
9 (RLIN) 188068
852 ## - LOCALIZACIÓN
Ubicación ES-MaACL
Número de control de estantería C-2039
Holdings
Estatus retirado Estado de pérdida Estado de daño No para préstamo Colección Biblioteca de origen Biblioteca actual Ubicación en estantería Fecha de adquisición Fuente de adquisición Total de préstamos Signatura topográfica completa Código de barras Visto por última vez Precio de reemplazo Tipo de ítem Koha
        Libros del s. XIX Biblioteca del Ateneo de Madrid Biblioteca del Ateneo de Madrid Sala Palomar 17/01/2008     C-2039 1024423 23/02/2023 23/02/2023 Libro impreso antiguo